Surveying the Route of a Glacier Outburst Flood (Jökulhlaup) in Western Greenland (Record no. 121792)
[ view plain ]
| 000 -LEADER | |
|---|---|
| fixed length control field | 00871nam a22001937a 4500 |
| 008 - FIXED-LENGTH DATA ELEMENTS--GENERAL INFORMATION | |
| fixed length control field | 240205s2016 xxk|||||o|||| 00| 0 eng d |
| 041 ## - LANGUAGE CODE | |
| Language code of text/sound track or separate title | eng |
| 110 ## - MAIN ENTRY--CORPORATE NAME | |
| Corporate author | Royal Institution of Chartered Surveyors |
| 245 ## - TITLE STATEMENT | |
| Title | Surveying the Route of a Glacier Outburst Flood (Jökulhlaup) in Western Greenland |
| Medium | [Electronic resource] |
| 260 ## - PUBLICATION INFORMATION | |
| Place of publication | London, |
| Publisher | RICS Resesarch Trust, |
| Date | March 2016 |
| 300 ## - PHYSICAL DESCRIPTION | |
| Physical description | 32p. |
| 490 ## - SERIES TITLE | |
| Series statement | RICS Research |
| 520 ## - ABSTRACT | |
| Abstract | The study was primarily concerned with collecting fine-resolution topographic data with which our hydrological routing (i.e. flood) models could be improved. |
| 650 ## - KEYWORDS | |
| Keywords | GLACIERS |
| 651 ## - SUBJECT ADDED ENTRY--GEOGRAPHIC NAME | |
| Geographic name | Greenland |
| 710 ## - ADDED CORPORATE NAME | |
| Added corporate author | Royal Institution of Chartered Surveyors |
| 856 ## - ONLINE RESOURCE | |
| Uniform Resource Identifier | <a href="https://www.propertyresearchtrust.org/uploads/1/3/4/8/134819607/glacier_outburst_floods.pdf">https://www.propertyresearchtrust.org/uploads/1/3/4/8/134819607/glacier_outburst_floods.pdf</a> |
| Public note | Available free via Property Research Trust |
| 942 ## - ADDED ENTRY ELEMENTS (KOHA) | |
| Suppress in OPAC | Do not suppress in OPAC |
| Lost status | Damaged status | Not for loan | Current library | Shelving location | Date acquired | Total Checkouts | Full call number | Date last seen | Price effective from | Koha item type |
|---|---|---|---|---|---|---|---|---|---|---|
| Virtual | Online | 05/02/2024 | ONLINE PUBLICATION | 05/02/2024 | 05/02/2024 | Online material |